000
00319nam a2200121Ia 4500
008
190723s9999 xx 000 0 und d
020
_a
978-93-85965-57-9
100
_a
Prasanna Chandra
245
0
_a
Investment Analysis And Portfolio Management
250
_a
5th
260
_a
New Delhi
_b
McGraw Hill
_c
2017
942
_c
BK
999
_c
1366
_d
1366